• 首页
  • 本馆介绍
  • 公告通知
  • 最新文献
  • 馆藏检索
  • 电子资源
  • 读者导购
  • 参考咨询
  • 我的图书馆
  • 登录
  • 详细信息显示
  • 放入我的书架
  • 预约/预借图书
  • 作者相关作品
  • 分类相关作品
  • 丛书相关作品
  • 出版社相关作品

书目信息

  • 表格格式
  • 工作单格式
  • 卡片格式
题名:
中国梦呼唤中国孩
    
 
作者: 梁建章 编著
分册:  
出版信息: 北京   中国民主法制出版社  2017
页数: 433页
开本: 24cm
丛书名: 治国理政新实践丛书
单 册:
中图分类: C924.21
科图分类:
主题词: 人口政策--研究--中国
电子资源:
ISBN: 978-7-5162-0412-2
000 01034oam2 2200265 450
001 012001004068
005 20140928162348.0
010    @a978-7-5162-0412-2@dCNY39.80
100    @a20171222d2017 em y0chiy50 ea
101 0  @achi
102    @aCN@b110000
105    @ay z 000yy
106    @ar
200 1  @a中国梦呼唤中国孩@9zhong guo meng hu huan zhong guo hai@f梁建章[等]编著
210    @a北京@c中国民主法制出版社@d2017
215    @a433页@d24cm
225 1  @a治国理政新实践丛书
304    @a编著者还有:黄文政、蒋云鹤、刘明福
330    @a本书精选了近年来笔者对中国人口政策的观察与思考。本书分为上、下;两篇。上篇从环境、能源、经济、综合国力等角度论述中国人口政策的来龙去脉及其得失;下篇是对人口与未来论坛的实录,与会者从各个角度对我国人口政策进行反思,并提出了今后的应对措施。两篇环环相扣,互为表里。
461  0 @12001 @a治国理政新实践丛书
606 0  @a人口政策@x研究@y中国
690    @aC924.21@v5
701  0 @a梁建章@9liang jian zhang@4编著
801  0 @aCN@b上海新华@c20180901
905    @b1170160-4@dC924.21@e102@f5
    
    中国梦呼唤中国孩/梁建章[等]编著.-北京:中国民主法制出版社,2017
    433页;24cm.-(治国理政新实践丛书)
    
    
    ISBN 978-7-5162-0412-2:CNY39.80
    本书精选了近年来笔者对中国人口政策的观察与思考。本书分为上、下;两篇。上篇从环境、能源、经济、综合国力等角度论述中国人口政策的来龙去脉及其得失;下篇是对人口与未来论坛的实录,与会者从各个角度对我国人口政策进行反思,并提出了今后的应对措施。两篇环环相扣,互为表里。
●
相关链接 在E读中查询图书 在五车中查询图书 在当当中查询图书 在豆瓣中查询图书


正题名:中国梦呼唤中国孩     索取号:C924.21/102         预约/预借

序号 登录号 条形码 馆藏地/架位号 状态 备注
1 1170160   211701602   第一样本阅览室/ [索取号:C924.21/102] 在馆    
2 1170161   211701611   第一借阅区/ [索取号:C924.21/102] 在馆    
3 1170162   211701620   第一借阅区/ [索取号:C924.21/102] 在馆    
4 1170163   211701639   第一借阅区/ [索取号:C924.21/102] 在馆    
5 1170164   211701648   第一借阅区/ [索取号:C924.21/102] 在馆    
唐山师范学院图书馆 欢迎您!
大连网信软件有限公司© 版权所有